书目信息 |
| 题名: |
核电厂热工水力设计和安全研究
|
|
| 作者: | ;中国核能动力水力学会反应堆热工流体专业委员会 编写 | |
| 分册: | ||
| 出版信息: | 北京 原子能出版社 1990.12 |
|
| 页数: | 211页 | |
| 开本: | 26cm | |
| 丛书名: | ||
| 单 册: | ||
| 中图分类: | TL33 | |
| 科图分类: | ||
| 主题词: | 堆热工--文集 | |
| 电子资源: | ||
| ISBN: | 7-5022-0395-8 | |
| 000 | 01119nam0 2200241 45 | |
| 001 | 0191027117 | |
| 005 | 20061123104007.78 | |
| 010 | @a7-5022-0395-8@dCNY12.00 | |
| 100 | @a19911115d1990 km y0chiy0121 ea | |
| 101 | 0 | @achi |
| 102 | @aCN@b110000 | |
| 105 | @ay z 000yy | |
| 200 | 10 | @a核电厂热工水力设计和安全研究@AHE DIAN CHANG RE GONG SHUI LI SHE JI HE AN QUAN YAN JIU@f中国核能动力学会反应堆热工流体专业委员会编写@FZHONG GUO HE NENG DONG LI XUE HUI FAN YING DUI RE GONG LIU TI ZHUAN YE WEI YUAN HUO BIAN XIE |
| 210 | @a北京@c原子能出版社@d1990.12 | |
| 215 | @a211页@d26cm | |
| 330 | @a本书介绍了核电厂和核供热厂热工流体方面的最新研究成果,包括计算分析程序、设计核安全分析的计算结果等内容。 | |
| 512 | 1 | @a核反应堆热工水力设计和安全研究@AHE FAN YING DUI RE GONG SHUI LI SHE JI HE AN QUAN YAN JIU |
| 540 | 1 | @a核电厂 热工@AHE DIAN CHANG RE GONG |
| 606 | @a堆热工@x文集 | |
| 690 | @aTL33 | |
| 711 | 02 | @a中国核能动力水力学会反应堆热工流体专业委员会@AZHONG GUO HE NENG DONG LI SHUI LI XUE HUI FAN YING DUI RE GONG LIU TI ZHUAN YE WEI YUAN HUI@4编写 |
| 801 | 0 | @aCN@bTSSF@c20061123 |
| 905 | @a10447@dTL33@e19 | |
| 核电厂热工水力设计和安全研究/中国核能动力学会反应堆热工流体专业委员会编写.-北京:原子能出版社,1990.12 |
| 211页;26cm |
| ISBN 7-5022-0395-8:CNY12.00 |
| 本书介绍了核电厂和核供热厂热工流体方面的最新研究成果,包括计算分析程序、设计核安全分析的计算结果等内容。 |
| ● |
| 相关链接 |
|
|
|
|
正题名:核电厂热工水力设计和安全研究
索取号:TL33/19
 
预约/预借
| 序号 | 登录号 | 条形码 | 馆藏地/架位号 | 状态 | 备注 |
| 1 | 0260209 | 001366872 | 第二样本阅览室/ [索取号:TL33/19] | 在馆 |